[Event "CZE-chT2F 1213"]
[Site "Czechia"]
[Date "2013.02.17"]
[Round "9.64"]
[White "Valickova, Martina"]
[Black "Hrbacek, Miroslav"]
[Result "1-0"]
[WhiteElo "2064"]
[BlackElo "1996"]
[PlyCount "135"]
[EventDate "2012.10.14"]
[EventType "team-tourn"]
[EventRounds "11"]
[EventCountry "CZE"]
[SourceTitle "OM OTB B 201907"]
[Source "Opening Master"]
[SourceDate "2019.07.06"]
[SourceVersion "2"]
[SourceVersionDate "2019.07.06"]
[SourceQuality "1"]

1. e4 c5 2. Nf3 Nc6 3. Nc3 d6 4. d4 cxd4 5. Nxd4 Nf6 6. Be2 e5 7. Nf3 Be7 8.
O-O O-O 9. Re1 Be6 10. Bb5 a6 11. Ba4 Bg4 12. Qd3 Bxf3 13. Qxf3 Nd4 14. Qd3 Rc8
15. Be3 b5 16. Bb3 b4 17. Bxd4 exd4 18. Ne2 Ng4 19. Nxd4 Qb6 20. Rad1 Bf6 21.
h3 Ne5 22. Qg3 Ng6 23. Nf5 Be5 24. Qf3 Rcd8 25. h4 Qc7 26. Qg4 Kh8 27. Rd5 f6
28. g3 Bxb2 29. f4 Rfe8 30. h5 Nf8 31. Red1 Rxe4 32. Nxd6 Rxd6 33. Rxd6 Qc5+
34. Kg2 f5 35. Qf3 h6 36. R6d5 Qc6 37. Kh3 Re8 38. Qd3 Bf6 39. Rd6 Qc8 40. Qd5
Nh7 41. Rd7 Rf8 42. Qe6 a5 43. Rf7 Re8 44. Qxc8 Rxc8 45. Ra7 Bc3 46. Rxa5 Nf6
47. Rxf5 Re8 48. Bf7 Ra8 49. Rb5 Rf8 50. Bg6 Rc8 51. Rb6 Ng8 52. Rbd6 Bf6 53.
Rb6 Bc3 54. Rb7 Nf6 55. Ra7 Rf8 56. a3 bxa3 57. Rxa3 Bb4 58. Rad3 Be7 59. c4
Rc8 60. c5 Kg8 61. c6 Kf8 62. Rc1 Rc7 63. Rb3 Rc8 64. c7 Ne8 65. Rb8 Nd6 66.
Rd1 Bf6 67. Rxd6 Rxb8 68. cxb8=Q+ 1-0

[Event "SVK-ch U18"]
[Site "Lubovna"]
[Date "2013.02.17"]
[Round "9.7"]
[White "Pirs, M2."]
[Black "Galyas, M."]
[Result "1-0"]
[WhiteElo "2005"]
[BlackElo "1793"]
[PlyCount "35"]
[EventDate "2013.04.06"]
[EventType "swiss"]
[EventRounds "9"]
[EventCountry "SVK"]
[SourceTitle "EXT 2014"]
[Source "ChessBase"]
[SourceDate "2013.11.20"]
[SourceVersion "1"]
[SourceVersionDate "2013.11.20"]
[SourceQuality "1"]
[WhiteTeam "Plzen Letna"]
[BlackTeam "Karlovy Vary II"]
[WhiteTeamCountry "CZE"]
[BlackTeamCountry "CZE"]

1. e4 c5 2. Nf3 d6 3. d4 cxd4 4. Nxd4 Nf6 5. Nc3 Nc6 6. Be2 e5 7. Nb3 a6 8. Be3
Be6 9. f3 b5 10. a4 b4 11. Nd5 Bxd5 12. exd5 Ne7 13. Bc4 Qc8 14. Qd3 g6 15. Nd2
Qb7 16. Ne4 Nexd5 17. Bxd5 Nxd5 18. Qxd5 1-0

[Event "USA-chT Amateur East"]
[Site "Parsippany"]
[Date "2013.02.17"]
[Round "4"]
[White "Joseph, Paul R"]
[Black "Almeida Saenz, Alfonso"]
[Result "1/2-1/2"]
[WhiteElo "1808"]
[BlackElo "2339"]
[PlyCount "108"]
[EventDate "2013.02.16"]
[EventType "team-swiss"]
[EventRounds "6"]
[EventCountry "USA"]
[SourceTitle "OM OTB B 201907"]
[Source "Opening Master"]
[SourceDate "2019.07.06"]
[SourceVersion "2"]
[SourceVersionDate "2019.07.06"]
[SourceQuality "1"]

1. e4 c5 2. Nf3 d6 3. d4 cxd4 4. Nxd4 Nf6 5. Nc3 Nc6 6. Be2 e5 7. Nb3 h6 8. Be3
Be6 9. f3 d5 10. exd5 Nxd5 11. Nxd5 Bxd5 12. Qd2 Be7 13. O-O-O Bxb3 14. axb3
Qc7 15. Bc4 Rd8 16. Qe2 O-O 17. Kb1 Qa5 18. c3 a6 19. Qf2 Rxd1+ 20. Rxd1 Qc7
21. Bb6 Qc8 22. g4 Bd8 23. Bc5 Re8 24. h4 b5 25. Bd5 Ne7 26. Be4 Ng6 27. h5 Nf4
28. Bf5 Ne6 29. Be3 Bf6 30. Rg1 Qd8 31. Bb6 Qd6 32. Bc2 Nd4 33. cxd4 Qxb6 34.
Re1 Rd8 35. Rd1 Kf8 36. Qe1 exd4 37. Bd3 Re8 38. Be4 a5 39. Qd2 Rd8 40. Rc1 d3
41. Bxd3 Qd4 42. Rd1 a4 43. bxa4 bxa4 44. Qc3 Qf4 45. Qc5+ Be7 46. Qc6 a3 47.
bxa3 Bxa3 48. Ka2 Be7 49. Bc2 Bd6 50. Qe4 Qh2 51. Rd4 Qg1 52. Ra4 Qb6 53. Ra8
g6 54. Ba4 Be7 1/2-1/2

[Event "97th GK tournament"]
[Site "http://gameknot.com/chess.pl?"]
[Date "2013.02.17"]
[Round "?"]
[White "klauno"]
[Black "vassillis"]
[Result "1/2-1/2"]
[WhiteElo "2419"]
[BlackElo "2046"]
[PlyCount "95"]
[EventDate "2013.??.??"]

1. e4 c5 2. Nf3 d6 3. d4 cxd4 4. Nxd4 Nf6 5. Nc3 Nc6 6. Be2 e5 7. Nf3 h6 8. a3
Be6 9. Be3 Rc8 10. O-O Be7 11. Qd3 O-O 12. Rfd1 Na5 13. Nd2 a6 14. b3 b5 15.
Nd5 Nxd5 16. exd5 Bd7 17. a4 f5 18. axb5 axb5 19. b4 Nc4 20. Nxc4 bxc4 21. Qc3
f4 22. Ba7 Bf6 23. Ra6 Qe7 24. Re1 Ra8 25. Ra5 Bf5 26. Bb6 Rab8 27. Ra7 Rb7 28.
Rea1 e4 29. Rxb7 Qxb7 30. Bd4 Bxd4 31. Qxd4 Qxb4 32. h3 Rf7 33. Bh5 Rb7 34. c3
Qb2 35. Ra8+ Kh7 36. Kh2 Qb6 37. Qxb6 Rxb6 38. g4 Bd7 39. Ra7 Bc8 40. Rc7 Bb7
41. Bf7 Rb2 42. h4 e3 43. h5 Kh8 44. Be6 Kh7 45. Rf7 exf2 46. Kg2 Rb5 47. Rxf4
g6 48. Kxf2 1/2-1/2

[Event "Belorechensk Seniors op"]
[Site "Belorechensk"]
[Date "2013.02.16"]
[Round "4"]
[White "Makarkin, Zhan"]
[Black "Kiriushin, Vladimir"]
[Result "0-1"]
[WhiteElo "2138"]
[BlackElo "2151"]
[PlyCount "148"]
[EventDate "2013.02.13"]
[EventType "swiss"]
[EventRounds "9"]
[EventCountry "RUS"]
[SourceTitle "OM OTB B 201907"]
[Source "Opening Master"]
[SourceDate "2019.07.06"]
[SourceVersion "2"]
[SourceVersionDate "2019.07.06"]
[SourceQuality "1"]

1. e4 c5 2. Nf3 Nc6 3. d4 cxd4 4. Nxd4 Nf6 5. Nc3 d6 6. Be2 e5 7. Nb3 Be6 8.
Be3 d5 9. exd5 Nxd5 10. Nxd5 Qxd5 11. O-O O-O-O 12. Qxd5 Bxd5 13. c3 Be7 14.
Rfd1 f5 15. f3 Kc7 16. Rac1 Bf7 17. Ra1 Rxd1+ 18. Rxd1 Rd8 19. Rxd8 Bxd8 20.
Nc1 Bf6 21. Bd3 g6 22. b3 b6 23. Ne2 Ne7 24. c4 Nc6 25. Bd2 Be7 26. Bc3 Bc5+
27. Kf1 Kd6 28. Ke1 Nb4 29. Bb1 a5 30. Kd2 Nc6 31. a4 Nd4 32. Ba2 Nxe2 33. Kxe2
Bg1 34. h3 Be8 35. Bb1 Bc6 36. Bd2 Kc5 37. Bc2 Kd4 38. Be1 Be3 39. Bb1 Bg1 40.
Bc2 e4 41. fxe4 Bxe4 42. Bxe4 Kxe4 43. b4 axb4 44. Bxb4 Kd4 45. a5 Kxc4 46. Bd2
b5 47. a6 Kd5 48. Kd3 Kc6 49. Ba5 Ba7 50. Kc2 Bb6 51. Bc3 Bc5 52. Ba5 Be3 53.
Kb3 Bf2 54. Bd8 Bc5 55. Ba5 Kd5 56. Bd8 Kc6 57. Ba5 h6 58. Bd2 Kb6 59. Bxh6
Kxa6 60. g4 fxg4 61. hxg4 Kb6 62. Bg7 Kc6 63. Kc3 Kd5 64. Kd3 Be7 65. Bb2 Bg5
66. Bg7 Bf4 67. Bf8 Bd6 68. Bg7 b4 69. Bh6 Be5 70. Bf8 b3 71. Ba3 Kc6 72. Be7
Kb5 73. g5 Ka4 74. Bf6 Ka3 0-1

[Event "URU-ch sf"]
[Site "Montevideo"]
[Date "2013.02.12"]
[Round "8"]
[White "Muniz, Rafael"]
[Black "Larrea, Manuel"]
[Result "1/2-1/2"]
[WhiteElo "2279"]
[BlackElo "2253"]
[PlyCount "20"]
[EventDate "2013.02.08"]
[EventType "swiss"]
[EventRounds "9"]
[EventCountry "URU"]
[SourceTitle "OM OTB B 201907"]
[Source "Opening Master"]
[SourceDate "2019.07.06"]
[SourceVersion "2"]
[SourceVersionDate "2019.07.06"]
[SourceQuality "1"]

1. e4 c5 2. Nf3 Nc6 3. d4 cxd4 4. Nxd4 Nf6 5. Nc3 d6 6. Be2 e5 7. Nb3 Be7 8.
O-O O-O 9. Kh1 a5 10. a4 Be6 1/2-1/2

[Event "BRA-ch Amateur"]
[Site "Sao Paulo"]
[Date "2013.02.12"]
[Round "7"]
[White "Kina, Caio Garcia"]
[Black "Miquelin, Nicolas Seoane"]
[Result "0-1"]
[WhiteElo "1873"]
[BlackElo "1958"]
[PlyCount "70"]
[EventDate "2013.02.09"]
[EventType "swiss"]
[EventRounds "7"]
[EventCountry "BRA"]
[SourceTitle "OM OTB B 201907"]
[Source "Opening Master"]
[SourceDate "2019.07.06"]
[SourceVersion "2"]
[SourceVersionDate "2019.07.06"]
[SourceQuality "1"]

1. e4 c5 2. Nf3 Nc6 3. d4 cxd4 4. Nxd4 Nf6 5. Nc3 d6 6. Be2 e5 7. Nb3 Be6 8.
Bg5 Be7 9. Qd2 a6 10. O-O b5 11. Bxf6 Bxf6 12. Nd5 Ne7 13. Nxf6+ gxf6 14. f4 d5
15. fxe5 fxe5 16. exd5 Nxd5 17. Bf3 Qb6+ 18. Kh1 O-O-O 19. Qe2 f6 20. Qf2 Qxf2
21. Rxf2 Rd6 22. Nc5 Bf7 23. Rd1 f5 24. Bxd5 Bxd5 25. Re1 Rg8 26. Nd3 e4 27.
Nc5 e3 28. Rfe2 Rdg6 29. Rxe3 Rxg2 30. Re8+ Kc7 31. Nxa6+ Kb6 32. R1e6+ Ka5 33.
b4+ Ka4 34. Nc5+ Kxb4 35. Na6+ Kc4 0-1

[Event "Wielkopolska Liga Juniorow - III Liga"]
[Site "?"]
[Date "2013.02.10"]
[Round "?"]
[White "Bruder, Adam"]
[Black "Jarmuzek, Karolina"]
[Result "1-0"]
[WhiteElo "1610"]
[BlackElo "1558"]
[PlyCount "106"]
[EventDate "2013.??.??"]
[SourceTitle "OM OTB B 201907"]
[Source "Opening Master"]
[SourceDate "2019.07.06"]
[SourceVersion "2"]
[SourceVersionDate "2019.07.06"]
[SourceQuality "1"]

1. e4 c5 2. Nf3 Nc6 3. d4 cxd4 4. Nxd4 Nf6 5. Nc3 d6 6. Be2 e5 7. Nb3 Be7 8.
O-O O-O 9. Be3 Be6 10. f4 a5 11. f5 Bd7 12. Nd2 Nb4 13. Nc4 Bc6 14. Bb6 Qb8 15.
a3 Na6 16. Nxa5 Nc7 17. Nxc6 bxc6 18. Bxc7 Qxc7 19. Kh1 Rfd8 20. Bd3 Qb6 21. b4
Ra7 22. Qb1 Ng4 23. h3 Nf2+ 24. Kh2 Nxd3 25. cxd3 Bg5 26. Rf3 Rda8 27. Qb3 Be3
28. a4 Bd4 29. Rc1 h6 30. f6 g6 31. Qc4 Rb7 32. Ne2 Qxb4 33. Nxd4 exd4 34. Qxc6
Rab8 35. Qc4 Qd2 36. Rcf1 Rb4 37. Qc7 Qa2 38. Rg3 R4b7 39. Qxd6 Qxa4 40. Rc1
Qd7 41. Rc6 Rd8 42. Qxd7 Rbxd7 43. Rf3 Kh7 44. Kg3 g5 45. Rf5 Kg6 46. h4 Rd6
47. Rxd6 Rxd6 48. hxg5 hxg5 49. Kg4 Rxf6 50. Rxg5+ Kh7 51. Rd5 Rg6+ 52. Kf3
Rf6+ 53. Rf5 Kg6 1-0

[Event "BRA-ch Amateur"]
[Site "Sao Paulo"]
[Date "2013.02.09"]
[Round "1"]
[White "Queiroz, Stella Becker"]
[Black "Rodrigues, Leonardo De Miranda"]
[Result "0-1"]
[WhiteElo "1611"]
[BlackElo "2019"]
[PlyCount "98"]
[EventDate "2013.02.09"]
[EventType "swiss"]
[EventRounds "7"]
[EventCountry "BRA"]
[SourceTitle "OM OTB B 201907"]
[Source "Opening Master"]
[SourceDate "2019.07.06"]
[SourceVersion "2"]
[SourceVersionDate "2019.07.06"]
[SourceQuality "1"]

1. e4 c5 2. Nf3 Nc6 3. d4 cxd4 4. Nxd4 Nf6 5. Nc3 d6 6. Be2 e5 7. Nb3 Be6 8.
Bg5 Be7 9. Bxf6 Bxf6 10. Nd5 Bg5 11. Qd3 O-O 12. O-O Rc8 13. Rad1 a6 14. c3 b5
15. Nd2 Na5 16. Rfe1 Kh8 17. Nb4 Qb6 18. Nf3 Be7 19. Nd5 Bxd5 20. Qxd5 Rc5 21.
Qd2 Nc4 22. Bxc4 bxc4 23. Rb1 f5 24. Qc2 g6 25. Nd2 Bg5 26. Nf3 Bd8 27. Re2 Rb5
28. Rd2 Qc6 29. exf5 Rxf5 30. Rbd1 d5 31. Re2 Qf6 32. Rde1 Bc7 33. Qd2 Rh5 34.
Nd4 Rb8 35. Nf3 Rd8 36. h3 Kg7 37. Kf1 Rf5 38. Ng1 e4 39. Qd4 Be5 40. Qa7+ Kg8
41. Qe3 Rf8 42. Rd1 Bc7 43. Rdd2 Bf4 44. Qd4 Bxd2 45. Qxf6 R8xf6 46. Rxd2 e3
47. Re2 Rxf2+ 48. Rxf2 Rxf2+ 49. Ke1 Rxb2 0-1

[Event "TUR-ch"]
[Site "Antalya"]
[Date "2013.02.07"]
[Round "8"]
[White "Yilmaz, Serkan"]
[Black "Kayaman, Metin"]
[Result "0-1"]
[WhiteElo "1608"]
[BlackElo "1908"]
[PlyCount "96"]
[EventDate "2013.02.02"]
[EventType "swiss"]
[EventRounds "11"]
[EventCountry "TUR"]
[SourceTitle "OM OTB B 201907"]
[Source "Opening Master"]
[SourceDate "2019.07.06"]
[SourceVersion "2"]
[SourceVersionDate "2019.07.06"]
[SourceQuality "1"]

1. e4 c5 2. Nf3 Nc6 3. d4 cxd4 4. Nxd4 Nf6 5. Nc3 d6 6. Be2 e5 7. Nf3 h6 8. O-O
Be7 9. h3 Be6 10. Be3 O-O 11. Qd2 d5 12. exd5 Nxd5 13. Nxd5 Qxd5 14. Qe1 e4 15.
c4 Qf5 16. Nd4 Nxd4 17. Bxd4 Qg6 18. Kh1 Rfd8 19. Rd1 b5 20. cxb5 Bxa2 21. f4
Bb3 22. f5 Qg5 23. f6 gxf6 24. h4 Qg6 25. Rd2 Rd5 26. Rf4 f5 27. Bc3 Rxd2 28.
Bxd2 Rd8 29. Bc3 Bd6 30. h5 Qg5 31. g3 Bxf4 32. gxf4 Qxf4 33. Bf6 Rc8 34. Qg1+
Kf8 35. Qg7+ Ke8 36. b6 Qc1+ 37. Kh2 Qd2 38. Qg2 Qd6+ 39. Kh3 Qxb6 40. Bh4 Be6
41. Kh2 Qd6+ 42. Bg3 f4 43. Bb5+ Kf8 44. Bh4 f3+ 45. Bg3 Qc5 46. Qf1 Qxh5+ 47.
Kg1 Qg5 48. Qe1 Rc1 0-1

[Event "Sao Bernardo do Campo LXSBC fin-B 4th"]
[Site "Sao Bernardo do Campo"]
[Date "2013.02.03"]
[Round "7.2"]
[White "Chiong Zacarias, Romero Luis"]
[Black "Maki-Uuro Miikka"]
[Result "0-1"]
[WhiteElo "2236"]
[BlackElo "2315"]
[PlyCount "116"]
[EventDate "2013.01.19"]
[EventType "tourn"]
[EventRounds "9"]
[EventCountry "BRA"]
[SourceTitle "CBM 166 Extra"]
[Source "ChessBase"]
[SourceDate "2015.06.18"]
[SourceVersion "1"]
[SourceVersionDate "2015.06.18"]
[SourceQuality "1"]
[WhiteTeam "Jena JP"]
[BlackTeam "Neuberg"]
[WhiteTeamCountry "GER"]
[BlackTeamCountry "GER"]

1. e4 c5 2. Nf3 d6 3. d4 cxd4 4. Nxd4 Nf6 5. Nc3 Nc6 6. Be2 e5 7. Nf3 h6 8. O-O
Be7 9. h3 O-O 10. Re1 Be6 11. Bf1 Nb8 12. a4 Nbd7 13. a5 a6 14. Nd5 Nxd5 15.
exd5 Bf5 16. c4 Bh7 17. b4 Rc8 18. Bb2 e4 19. Nd2 f5 20. Nb3 Bf6 21. Bxf6 Qxf6
22. Rc1 f4 23. c5 Ne5 24. c6 Qf7 25. b5 axb5 26. Bxb5 f3 27. g3 bxc6 28. dxc6
Qf5 29. Bf1 Kh8 30. Qxd6 Rfd8 31. Qb4 Nd3 32. Qb6 Nxe1 33. Rxe1 Qd5 34. Rc1 Rd6
35. a6 Rdxc6 36. Rxc6 Qxc6 37. Qxc6 Rxc6 38. Bb5 Rc2 39. Na5 Ra2 40. Nc6 e3 41.
fxe3 Be4 42. Nd8 Rg2+ 43. Kf1 Rxg3 44. Nf7+ Kg8 45. Nd6 Ba8 46. e4 Rxh3 47. Kf2
Kf8 48. Bf1 Rh1 49. Bc4 Rd1 50. e5 Bc6 51. Nf5 Rc1 52. Bf1 h5 53. Nd4 Bd5 54.
Bh3 g5 55. Bd7 Ke7 56. e6 Kf6 57. a7 Ra1 58. Nb5 Ra2+ 0-1

[Event "Oberliga Ost-A 1213"]
[Site "Germany"]
[Date "2013.02.03"]
[Round "7.2"]
[White "Schaefer, Sven"]
[Black "Horvath, Julia"]
[Result "1/2-1/2"]
[WhiteElo "1981"]
[BlackElo "2195"]
[PlyCount "52"]
[EventDate "2012.10.14"]
[EventType "team-tourn"]
[EventRounds "11"]
[EventCountry "GER"]
[SourceTitle "OM OTB B 201907"]
[Source "Opening Master"]
[SourceDate "2019.07.06"]
[SourceVersion "2"]
[SourceVersionDate "2019.07.06"]
[SourceQuality "1"]

1. e4 c5 2. Nf3 Nc6 3. d4 cxd4 4. Nxd4 Nf6 5. Nc3 d6 6. Be2 e5 7. Nb3 a5 8. a4
Be7 9. O-O O-O 10. f4 Be6 11. Be3 exf4 12. Rxf4 Ne5 13. Nd4 Bc4 14. b3 Bxe2 15.
Qxe2 Rc8 16. Ndb5 Qd7 17. Rf5 Nxe4 18. Nd5 Bd8 19. Rff1 f5 20. Rad1 Rc6 21. Bd4
Qe6 22. c4 Re8 23. Na7 Ra6 24. Nb5 Rc6 25. Na7 Ra6 26. Nb5 Rc6 1/2-1/2

[Event "Regionalliga NW 1213"]
[Site "Bayern"]
[Date "2013.02.03"]
[Round "6.6"]
[White "Markert, Markus"]
[Black "Link, Klaus"]
[Result "1-0"]
[WhiteElo "1916"]
[BlackElo "1887"]
[PlyCount "109"]
[EventDate "2012.10.14"]
[EventType "team"]
[EventRounds "9"]
[EventCountry "GER"]
[SourceTitle "OM OTB B 201907"]
[Source "Opening Master"]
[SourceDate "2019.07.06"]
[SourceVersion "2"]
[SourceVersionDate "2019.07.06"]
[SourceQuality "1"]

1. e4 c5 2. d4 cxd4 3. Nf3 d6 4. Nxd4 Nf6 5. Nc3 Nc6 6. Be2 e5 7. Nb3 Be7 8.
O-O O-O 9. Bg5 Be6 10. Qd2 a5 11. Bb5 Qc7 12. Ba4 Nb4 13. a3 Na6 14. f3 Rfd8
15. Qf2 Ng4 16. fxg4 Bxg5 17. Bb5 Nc5 18. Nxc5 Qxc5 19. Qxc5 dxc5 20. h3 Rd2
21. Ba4 Be3+ 22. Kh1 Bc4 23. Rfd1 Rad8 24. Rxd2 Rxd2 25. Rd1 Rxd1+ 26. Nxd1 Bc1
27. Bd7 Kf8 28. a4 Ke7 29. Bb5 Bxb5 30. axb5 c4 31. b3 cxb3 32. cxb3 Kd6 33.
Nc3 Kc5 34. Kg1 Be3+ 35. Kf1 Kb4 36. Nd5+ Kxb3 37. Nxe3 a4 38. Ke2 a3 39. Kd2
a2 40. Nc2 Kb2 41. g5 h6 42. gxh6 gxh6 43. g4 b6 44. h4 f6 45. h5 Kb3 46. Na1+
Kb2 47. Kd3 Kb1 48. Kc3 Kc1 49. Nc2 Kd1 50. Kb2 Ke2 51. Nb4 Ke3 52. Nd5+ Kxe4
53. Nxb6 f5 54. gxf5 Kxf5 55. Nc4 1-0

[Event "Sondex Cup IM Gp2 2013"]
[Site "Kolding DEN"]
[Date "2013.02.02"]
[Round "7.4"]
[White "Schiele, Lars"]
[Black "De Lima, Bruno"]
[Result "1/2-1/2"]
[WhiteElo "1961"]
[BlackElo "2138"]
[PlyCount "69"]
[EventDate "2013.??.??"]
[SourceTitle "EXT 2014"]
[Source "ChessBase"]
[SourceDate "2013.11.20"]
[SourceVersion "1"]
[SourceVersionDate "2013.11.20"]
[SourceQuality "1"]
[WhiteTeam "Dunajov II"]
[BlackTeam "Zilina DMS"]
[WhiteTeamCountry "SVK"]
[BlackTeamCountry "SVK"]

1. e4 c5 2. Nf3 d6 3. d4 cxd4 4. Nxd4 Nf6 5. Nc3 Nc6 6. Be2 e5 7. Nb3 Be7 8.
Bg5 O-O 9. Qd2 a5 10. a4 Nb4 11. O-O-O Be6 12. Kb1 Rc8 13. Bxf6 gxf6 14. g4 Qb6
15. Bb5 Kh8 16. Rhg1 Rg8 17. h3 Rc7 18. Rg3 Rd8 19. Qe3 Qxe3 20. Rxe3 b6 21.
Re2 h5 22. f3 Kh7 23. Red2 Rg8 24. Nc1 Bf8 25. N1e2 hxg4 26. hxg4 Rh8 27. Rh1+
Kg7 28. Rxh8 Kxh8 29. Ng3 Kg7 30. Nf5+ Bxf5 31. gxf5 Be7 32. Rg2+ Kh7 33. Rh2+
Kg7 34. Rg2+ Kh7 35. Rh2+ 1/2-1/2

[Event "Sao Bernardo do Campo LXSBC fin-B 4th"]
[Site "Sao Bernardo do Campo"]
[Date "2013.02.02"]
[Round "6.8"]
[White "Dura Olmos, Gines Raul"]
[Black "Lopez Ramirez, Rafael"]
[Result "0-1"]
[WhiteElo "1962"]
[BlackElo "1761"]
[PlyCount "106"]
[EventDate "2013.01.19"]
[EventType "tourn"]
[EventRounds "9"]
[EventCountry "BRA"]
[SourceTitle "CBM 166 Extra"]
[Source "ChessBase"]
[SourceDate "2015.06.18"]
[SourceVersion "1"]
[SourceVersionDate "2015.06.18"]
[SourceQuality "1"]
[WhiteTeam "Moerlenbach"]
[BlackTeam "Erfurt Medizin"]
[WhiteTeamCountry "GER"]
[BlackTeamCountry "GER"]

1. e4 c5 2. Nf3 Nc6 3. d4 cxd4 4. Nxd4 Nf6 5. Nc3 d6 6. Be2 e5 7. Nf3 Be7 8.
O-O h6 9. Be3 O-O 10. Bc4 a6 11. a3 b5 12. Bd5 Bb7 13. Qd3 Qc7 14. Nh4 b4 15.
Na4 Nxd5 16. exd5 Bxh4 17. Qc4 bxa3 18. Rxa3 Qe7 19. dxc6 Rac8 20. Qg4 Rxc6 21.
g3 Bg5 22. Bxg5 hxg5 23. Nc3 Rc5 24. Rb3 Rfc8 25. Qb4 Ba8 26. Ra1 Qe6 27. Nd1
Qd5 28. f3 Rb5 29. Qa3 Rxb3 30. Qxb3 Qxf3 31. Qxf3 Bxf3 32. c3 Bxd1 33. Rxd1
Rc6 34. Kf2 f5 35. Ke3 Kf7 36. Kd3 Ke6 37. h4 gxh4 38. gxh4 g6 39. Rg1 Kf6 40.
b3 d5 41. c4 dxc4+ 42. bxc4 e4+ 43. Kd4 Rd6+ 44. Kc3 e3 45. c5 Re6 46. Kd3 e2
47. Re1 a5 48. c6 Rxc6 49. Rxe2 a4 50. Ra2 Ra6 51. Ra3 Ke5 52. Ke3 Ra5 53. Kf3
Kd4 0-1

[Event "San Francisco Neil Falconer op"]
[Site "San Francisco"]
[Date "2013.02.02"]
[Round "6.5"]
[White "Panis, Radim"]
[Black "Nagarajan, Raghavi (IND)"]
[Result "1/2-1/2"]
[WhiteElo "1985"]
[BlackElo "1867"]
[PlyCount "66"]
[EventDate "2013.08.06"]
[EventType "swiss"]
[EventRounds "9"]
[EventCountry "USA"]
[SourceTitle "EXT 2014"]
[Source "ChessBase"]
[SourceDate "2013.11.20"]
[SourceVersion "1"]
[SourceVersionDate "2013.11.20"]
[SourceQuality "1"]
[WhiteTeam "Suedlohn"]
[BlackTeam "Duelmen"]
[WhiteTeamCountry "GER"]
[BlackTeamCountry "GER"]

1. e4 c5 2. Nf3 Nc6 3. d4 cxd4 4. Nxd4 Nf6 5. Nc3 d6 6. Be2 e5 7. Nf3 Be7 8.
O-O O-O 9. Bg5 Be6 10. Qd2 Qd7 11. Bxf6 Bxf6 12. Nd5 Bxd5 13. Qxd5 Ne7 14. Qb3
Qc6 15. Qc4 d5 16. exd5 Qxd5 17. c3 Rac8 18. Qxd5 Nxd5 19. Rfd1 Rfd8 20. Bd3
Nf4 21. Be4 b6 22. Kf1 g6 23. Bc2 Ne6 24. Nd2 Kg7 25. Ne4 Be7 26. Bb3 Nc5 27.
Nxc5 Bxc5 28. Ke2 Kf6 29. Rd5 Rxd5 30. Bxd5 Rd8 31. Rd1 Ke7 32. f3 f5 33. Bb3
Rxd1 1/2-1/2

[Event "Aragon-chT Preferente B"]
[Site "Aragon"]
[Date "2013.02.02"]
[Round "2.62"]
[White "Planas Torrea, Alberto"]
[Black "Dominguez Luzon, Fernando"]
[Result "0-1"]
[WhiteElo "1940"]
[BlackElo "1992"]
[PlyCount "35"]
[EventDate "2013.01.26"]
[EventType "team"]
[EventRounds "9"]
[EventCountry "ESP"]
[SourceTitle "OM OTB B 201907"]
[Source "Opening Master"]
[SourceDate "2019.07.06"]
[SourceVersion "2"]
[SourceVersionDate "2019.07.06"]
[SourceQuality "1"]
[WhiteTeam "Ejea"]
[BlackTeam "Delicias CCOO II"]
[WhiteTeamCountry "ESP"]
[BlackTeamCountry "ESP"]

1. e4 c5 2. Nf3 Nc6 3. d4 cxd4 4. Nxd4 Nf6 5. Nc3 d6 6. Be2 e5 7. Nb3 Be7 8.
O-O O-O 9. Be3 a5 10. f4 a4 11. Nc1 exf4 12. Rxf4 Be6 13. Nd5 Bxd5 14. exd5 Ne5
15. Bb5 Qa5 16. c4 Nxd5 17. cxd5 Qxb5 18. Rf1 0-1

[Event "Belgrade-ch"]
[Site "Belgrade"]
[Date "2013.01.30"]
[Round "8"]
[White "Andrijevic, Milan"]
[Black "Todorovic, Goran M"]
[Result "0-1"]
[WhiteElo "2333"]
[BlackElo "2488"]
[PlyCount "59"]
[EventDate "2013.01.23"]
[EventType "swiss"]
[EventRounds "9"]
[EventCountry "SRB"]
[SourceTitle "OM OTB B 201907"]
[Source "Opening Master"]
[SourceDate "2019.07.06"]
[SourceVersion "2"]
[SourceVersionDate "2019.07.06"]
[SourceQuality "1"]

1. e4 c5 2. Nf3 d6 3. d4 cxd4 4. Nxd4 Nf6 5. Nc3 Nc6 6. Be2 e5 7. Nb3 Be7 8.
Be3 O-O 9. O-O a5 10. f3 a4 11. Nc1 Ra5 12. Nd5 Nxd5 13. exd5 Nd4 14. c3 Nf5
15. Bf2 Bh4 16. g3 Bg5 17. Qd3 Qf6 18. b4 Ra8 19. Re1 Bd7 20. Bf1 b5 21. a3
Rac8 22. Na2 h5 23. Bh3 g6 24. Re4 Rc7 25. Kg2 Bh6 26. Rd1 Rfc8 27. Bb6 Rc4 28.
Kg1 Qg5 29. Bg2 Rxe4 30. fxe4 0-1

[Event "FRA-chT4"]
[Site "France"]
[Date "2013.01.27"]
[Round "5"]
[White "Crepaux, Jean Marie"]
[Black "Parisot, Anthony"]
[Result "1/2-1/2"]
[WhiteElo "1856"]
[BlackElo "1763"]
[PlyCount "75"]
[EventDate "2012.10.24"]
[EventType "team-swiss"]
[EventRounds "9"]
[EventCountry "FRA"]
[SourceTitle "OM OTB B 201907"]
[Source "Opening Master"]
[SourceDate "2019.07.06"]
[SourceVersion "2"]
[SourceVersionDate "2019.07.06"]
[SourceQuality "1"]

1. e4 c5 2. Nf3 d6 3. d4 cxd4 4. Nxd4 Nf6 5. Nc3 Nc6 6. Be2 e5 7. Nb3 Be7 8.
O-O O-O 9. Bg5 Be6 10. Bd3 a5 11. Kh1 Nxe4 12. Nxe4 Bxg5 13. Nxd6 Bxb3 14. axb3
Be7 15. Nf5 Bf6 16. Qg4 g6 17. Rad1 Qc7 18. Bc4 Nd4 19. Nxd4 exd4 20. h4 Qc5
21. g3 b5 22. Bd3 Qb6 23. Rfe1 Rae8 24. Rxe8 Rxe8 25. Qd7 Re5 26. Ra1 b4 27.
Kg2 Kg7 28. Bc4 Re7 29. Qb5 Qxb5 30. Bxb5 Ra7 31. Kf3 Rc7 32. Bc4 Rc5 33. Bd3
Kf8 34. Re1 Bg7 35. Re4 f5 36. Re6 Kf7 37. Rb6 Re5 38. Bc4+ 1/2-1/2

[Event "IRT 75 Aniversario Clube de Xadrez de C"]
[Site "Rua XV de Novembro, 266 - Cur"]
[Date "2013.01.19"]
[Round "3.14"]
[White "Carvalho, Thiago"]
[Black "Deus Filho, Joaquim"]
[Result "0-1"]
[WhiteElo "1850"]
[BlackElo "2029"]
[PlyCount "65"]
[EventDate "2013.01.18"]
[EventRounds "6"]
[EventCountry "BRA"]
[SourceTitle "OM OTB B 201907"]
[Source "Opening Master"]
[SourceDate "2019.07.06"]
[SourceVersion "2"]
[SourceVersionDate "2019.07.06"]
[SourceQuality "1"]

1. e4 c5 2. Nf3 d6 3. d4 cxd4 4. Nxd4 Nf6 5. Nc3 Nc6 6. Be2 e5 7. Nb3 h6 8. Be3
Be6 9. Qd2 Ng4 10. Bxg4 Bxg4 11. f3 Be6 12. O-O-O a6 13. Nd5 Rc8 14. Bb6 Qd7
15. Kb1 Bxd5 16. exd5 Nb8 17. f4 Qb5 18. Bf2 Nd7 19. Rhe1 Be7 20. fxe5 Nxe5 21.
Rxe5 dxe5 22. d6 Rd8 23. Nd4 exd4 24. dxe7 Kxe7 25. Re1+ Kf8 26. Bxd4 Kg8 27.
c3 Qf5+ 28. Ka1 Kh7 29. Re5 Qg6 30. h4 Rhe8 31. h5 Qc6 32. a3 Rxe5 33. Qc2+ 0-1